| 000 | 00000nam##2200000za#4500 |
| 001 | 9.615544 |
| 003 | CaOODSP |
| 005 | 20200514165629 |
| 007 | ta |
| 008 | 150406|1999||||xxc||||| f|0| 0 eng|d |
| 020 | |a0-662-30195-1 |
| 040 | |aCaOODSP|beng |
| 043 | |an-cn--- |
| 086 | 1 |aNH18-22/99-108E |
| 110 | 2 |aCanada Mortgage and Housing Corporation. |
| 245 | 14|aThe effects of improved residential filtration on particle exposure |
| 260 | |aOttawa - Ontario : |bCanada Mortgage and Housing Corporation |c1999. |
| 300 | |a2p. ; |c28 cm. |
| 490 | 1 |aResearch highlight. Technical series |v99-108 |
| 563 | |aPamphlet |
| 590 | |a01-11|b2001-03-16 |
| 690 | 07|aAir quality|2gcpds |
| 690 | 07|aHousing|2gcpds |
| 775 | 08|tAmélioration des filtres dans les habitations - effets sur l'exposition aux particules |w(CaOODSP)9.625604 |
| 776 | 0#|tThe effects of improved residential filtration on particle exposure |w(CaOODSP)9.572267 |
| 830 | #0|aResearch highlight. Technical series ;|v99-108|w(CaOODSP)9.514826 |
| 986 | |a60975 |